| 000 | 01133nam a22003257a 4500 | ||
|---|---|---|---|
| 001 | 6545 | ||
| 003 | FISKH | ||
| 005 | 20250509082343.0 | ||
| 008 | 250509b cb ||||| |||| 00| 0 eng d | ||
| 020 | _a9780545356626 | ||
| 040 |
_aDLC _cDLC _dDLC _beng |
||
| 050 | _aPZ7.F23814 G | ||
| 082 | _a813.54 | ||
| 100 | 1 |
_aFarmer, Nancy _d(1941-) |
|
| 245 | 1 | 2 |
_aA girl named Disaster / _cNancy Farmer. |
| 250 | _aThis edition first published in 2011 | ||
| 260 |
_aNew York : _bScholastic, _c1996. |
||
| 300 |
_a309 pages : _c20 cm |
||
| 505 | _aR | ||
| 520 | _aWhile fleeing from Mozambique to Zimbabwe to escape an unwanted marriage, Nhamo, an eleven-year-old Shona girl, struggles to escape drowning and starvation and in so doing comes close to the luminous world of the African spirits. | ||
| 521 | 8 |
_a730
_bLexile |
|
| 521 | 8 |
_aR
_bRaz-Plus |
|
| 650 | 0 |
_aShona (African people) _xJuvenile fiction. |
|
| 650 | 1 |
_aShona (African people) _xFiction. |
|
| 650 | 1 |
_aSurvival _xFiction. |
|
| 650 | 1 |
_aSupernatural _xFiction. |
|
| 906 |
_a7 _bcbc _corignew _d1 _eocip _f19 _gy-gencatlg |
||
| 942 |
_2ddc _cBK _n0 |
||
| 999 |
_c6545 _d6545 |
||